000 00672nam a2200229Ia 4500
008 140626s9999 xx 000 0 und d
100 _aFernando, Theodore.
245 4 _aThe power of cartoons :
_b depicting the political images of Mahinda Rajapaske and Sarath Fonseka as presidential candidates /
_c Theodore.Fernando
260 _cc2013.
300 _a40 : 3, page 231
440 _aMedia Asia
521 _aMC
650 _aCartoons and messages.
650 _aCartoons.
650 _aCommunication.
650 _aCoverage.
650 _aMahinda Rajapakse.
650 _aPolitics.
650 _aPresidency.
650 _aSarath Fonseka.
942 _cSE
999 _c121208
_d121208